Planeación estratégica de la organización tecnología S.A.
Se realiza un diagnóstico del ambiente interno y externo que permite analizar la cadena de valores, el aspecto financiero, recursos, oportunidades y amenazas a las cuales se enfrenta Tecnología S.A.
| Main Authors: | , |
|---|---|
| Other Authors: | |
| Format: | Tesis Section = Libro |
| Language: | Undetermined Spanish |
| Published: |
Managua
UNI
2013
|
| Subjects: |
| LEADER | 01145nam a2200277Ia 4500 | ||
|---|---|---|---|
| 008 | 240830s9999 xx 000 0 und d | ||
| 040 | |a BIBLIOTECA-RUSB/ M.Mon 658.4012 R621 | ||
| 041 | |a spa | ||
| 082 | |a M.Mon 658.4012 R621 | ||
| 100 | 1 | |a Rivera Rocha, Fátima Auxiliadora | |
| 100 | 1 | |b Hernández Zelaya, Jairo Salvador | |
| 245 | 1 | 0 | |a Planeación estratégica de la organización tecnología S.A. |
| 260 | |a Managua |b UNI |c 2013 | ||
| 300 | |a 98 p. :il. | ||
| 500 | |a Contiene: anexos. | ||
| 502 | |a Tesis (Máster en Informática Aplicada con mención en Gestión Empresarial) - UNI, 2013. | ||
| 520 | 3 | |a Se realiza un diagnóstico del ambiente interno y externo que permite analizar la cadena de valores, el aspecto financiero, recursos, oportunidades y amenazas a las cuales se enfrenta Tecnología S.A. | |
| 650 | 7 | |a PLANIFICACION ESTRATÉGICA | |
| 650 | 7 | |b PLANIFICACION EMPRESARIAL | |
| 650 | 7 | |c ESTRATEGIA ORGANIZACIONAL | |
| 650 | 7 | |d ANÁLISIS FODA | |
| 650 | 7 | |e ADMINISTRACION DE RECURSOS HUMANOS | |
| 700 | 1 | |a Tutor: |b Zúñiga Morales, Gonzalo de Jesús | |
| 942 | |c BK |2 ddc | ||
| 991 | |a TESIS | ||
| 999 | |c 19391 | ||